000 00836cam a2200265 4500
001 ABS62394
008 000000n2000 000 0 eng u
035 _a(Sirsi) u106176
100 _aButler, R.
245 _aResuscitating the waterways
260 _c2000
490 _aLandscape Design
_v(290) May 2000, 17-19(3)
520 _aExamines current moves to revitalise Britain's inland waterways and integrate them into transport policy.
590 _aABS
650 _aINLAND WATERWAYS
650 _aRIVERS
650 _aCANALS
650 _aPLANNING POLICY GUIDANCE NOTE 13
650 _aLOCAL TRANSPORT PLANS
650 _aBRITISH WATERWAYS
650 _aINLAND WATERWAYS AMENITY ADVISORY COUNCIL
650 _aASSOCIATION OF INLAND NAVIGATION AUTHORITIES
690 _aTRANSPORT AND COMMUNICATIONS
942 _n0
999 _c63608
_d63608